Statistics for 2024 Draft Class

Click here to take the quiz!

General Stats

  • This quiz has been taken 8 times
  • The average score is 14 of 20

Answer Stats

HintAnswer% Correct
9TEUGABrock Bowers
100%
1QBUSCCaleb Williams
100%
5OTNDJoe Alt
100%
2WROSUMarvin Harrison Jr
100%
3QBUNCDrake Maye
88%
4QBLSUJaden Daniels
88%
10QBMICHJJ Mccarthy
88%
6WRLSUMalik Nabers
88%
7WRWASHRome Odunze
75%
8DEALADallas Turner
63%
14DEFSUJared Verse
63%
15OTALAJC Latham
63%
19DEUCLALaiatu Latu
63%
11OTPSUOlu Fashanu
63%
18DLTEXBryon Murphy
50%
20CBCLEMNate Wiggins
50%
13CBTOLQuinyon Mitchell
50%
12CBALATerrion Arnold
50%
17WRLSUBrian Thomas Jr
38%
16OTORSTTaliese Fauga
25%

Score Distribution

Percentile by Number Answered

Percent of People with Each Score

Your Score History

You have not taken this quiz